000 00794nas a2200265 4500
001 BR0000517
003 BR-BrBNA
005 20231205101645.0
007 ta
008 230509b bl.|||p| |||| 00| 00por d
040 _aBR-BrBNA
_bpor
_cBiblioteca Nacional de Agricultura
041 _a(Pt)
072 _aH10
100 1 _aMagrini, E.A.
100 1 _aBotelho, P.S.M.
100 1 _aSilveira Neto, S.
245 1 _aBiologia de Anticarsia gemmatalis Hubner, 1818 (Lepidoptera: Noctuidae)na cultura da soja
650 _aSoja
650 _aLagarta
650 _aControle Biologico
650 _aTemperatura
773 0 _tScientia Agricola (Brazil)
_xISSN 0103-9016
_g(Jul-Sep 1999), v. 56(3) p. 547-555
_wBR0000517
909 _a202311
_bLúcia
_c55
_dLúcia Elande
942 _2AGRIS
_n0
_cANA
999 _c163077
_d163077